000 00945nam a2200277Ia 4500
003 OSt
005 20221005111253.0
006 a|||||r|||| 00| 0
007 ta
008 221004b |||||||| |||| 00| 0 hin d
020 _a8170551382 (hbk)
_c700
024 _a13600
037 _b341, 20/03/2014, Vani Prakashan
_cTextual
040 _aCRL
_cCRL
_bhin
041 _2hin
_ahin
082 _aO152,3N28,2, M8;P9
100 _aशिवप्रसाद सिंह
245 0 _aनीला चॉंद
246 _aNīlā chaॉanda
250 _a2 संस्करण
260 _aनई दिल्ली
_bवाणी प्रकाशन भारत
_c2009
300 _a536पृ0
_ccm.
650 _aहिन्दी साहित्य
942 _hO152,3N28,2, M8;P9
_cTEXL
_2cc
999 _c1021324
_d1021324